تیسری آنکھ سے: روحانی اقوال و افکار (Record no. 15106)
[ view plain ]
| 000 -LEADER | |
|---|---|
| fixed length control field | 00288nam a22001097a 4500 |
| 082 ## - DEWEY DECIMAL CLASSIFICATION NUMBER | |
| Classification number | 297٫57م س ر |
| 100 ## - MAIN ENTRY--AUTHOR NAME | |
| Personal name | مسرت لغاری |
| 245 ## - TITLE STATEMENT | |
| Title | تیسری آنکھ سے: روحانی اقوال و افکار |
| 260 ## - PUBLICATION, DISTRIBUTION, ETC. (IMPRINT) | |
| Place of publication | راولپنڈی |
| Year of publication | ۱۹۹۸ |
| 300 ## - PHYSICAL DESCRIPTION | |
| Number of Pages | ۳۲۰ |
| 942 ## - ADDED ENTRY ELEMENTS (KOHA) | |
| Koha item type | Books |
| Withdrawn status | Lost status | Collection code | Home library | Current library | Date acquired | Full call number | Accession Number | Koha item type |
|---|---|---|---|---|---|---|---|---|
| Reference | Reference Section | Reference Section | 06/01/2016 | 297٫57م س ر (Shelf - 18C) | 23259 | Books |